Parker and Haswell textbook of zoology: Invertebrates. 2V (Record no. 5845)

MARC details
000 -LEADER
fixed length control field 00538nam a2200181Ia 4500
008 - FIXED-LENGTH DATA ELEMENTS--GENERAL INFORMATION
fixed length control field 230917s9999||||xx |||||||||||||| ||und||
020 ## - ISBN
Price RS 1590.00 (set of 2 vol.)
040 ## - CATALOGING SOURCE
-- 5010752
Original cataloging agency VIVEKANANDA LIBRARY
041 ## - Language
-- English
082 ## - DDC NUMBER
Classification number 590 P228P(8)
100 ## - MAIN ENTRY--PERSONAL NAME
Personal name Parker, Thomas Jeffery
245 #0 - TITLE STATEMENT
Title Parker and Haswell textbook of zoology: Invertebrates. 2V
250 ## - EDITION STATEMENT
Edition statement 8th ed.
260 ## - PUBLICATION, DISTRIBUTION, ETC. (IMPRINT)
Place of publication, distribution, etc New Delhi
Name of publisher, distributor, etc MedTech Science Press
Date of publication, distribution, etc 2022
300 ## - PHYSICAL DESCRIPTION
Pages xix, 874 p.
500 ## - GENERAL NOTE
General note 4583 18/10/2022 HBD22/9438 25/10/2022 Main Budget
942 ## - ADDED ENTRY ELEMENTS (KOHA)
Koha item type Books
Holdings
Withdrawn status Lost status Damaged status Not for loan Location (home branch) Sublocation or collection (holding branch) Date acquired Koha issues (times borrowed) Koha full call number Accession No. Koha date last seen Koha item type
        VIVEKANANDA LIBRARY VIVEKANANDA LIBRARY 14/11/2022   590 P228P(8) 401304 17/09/2023 Books
        VIVEKANANDA LIBRARY VIVEKANANDA LIBRARY 14/11/2022 1 590 P228P(8) 401305 28/02/2025 Books
© Designed and Maintained by Vivekananda Library, MDU Rohtak